000
00279nam a2200109Ia 4500
008
200302s9999 xx 000 0 und d
100
_a
Liliane Wong
245
_a
Adaptive Reuse extending the lives of Buildings
260
_b
Birkhauser Verlag Gmbh
260
_c
2017
300
_a
256
999
_c
6169
_d
6169